[Event "Almaty Open 2019"]
[Site "Almaty"]
[Date "2019.10.07"]
[Round "1.1"]
[White "Smirnov, Pavel"]
[Black "Rakhimzhan, Alen"]
[Result "1/2-1/2"]
[WhiteElo "2556"]
[BlackElo "2303"]
[Annotator "TA"]
[PlyCount "115"]
[EventDate "2019.10.07"]
[EventType "swiss"]
[EventCountry "KAZ"]
[SourceTitle "playchess.com"]
[Source "ChessBase"]
[SourceQuality "1"]

{[%evp 13,115,12,22,22,21,21,26,26,40,1,42,37,28,34,37,16,25,37,32,36,30,33,23,43,59,33,28,22,27,27,35,16,15,16,29,27,35,35,41,45,47,37,48,25,59,61,52,36,65,32,54,0,0,0,0,0,2,10,10,0,0,0,0,0,0,0,45,0,0,0,103,0,0,0,50,0,0,0,78,42,74,64,63,47,77,60,59,0,34,34,25,0,0,0,0,0,0,0,0,0,0,0,0,0]} 1. d4 Nf6 2. c4 e6 3. g3 d5 4. Nf3 Be7 5. Bg2 O-O 6. O-O c6 7. Nc3 b6 8. Nd2 {E06: Closed Catalan: Early deviations} (8. b3 Nbd7 9. Bb2 Ba6 10. Nd2 b5 11. c5 b4 12. Na4 Bb5 13. Re1 Qc7 14. a3 a5 15. Qc2 Rfe8 16. e3 Bf8 17. f4 g6 18. Bf3 {½-½ (32) Wang,H (2726)-Pridorozhni,A (2599) Khanty-Mansiysk 2019}) 8... Ba6 9. b3 Nbd7 10. e4 {White has an edge.} Rc8 11. Re1 (11. e5 {is interesting.} Ne8 12. Ne2 Nc7 13. Bb2 Bb4 14. cxd5 cxd5 15. a3) 11... dxe4 12. Ndxe4 Nxe4 13. Nxe4 Nf6 14. Nc3 $146 ({Predecessor:} 14. Be3 Bb4 15. Re2 Nxe4 16. Bxe4 {1-0 (53) Polajzer,D (2271)-Traunwieser,G (2138) Aschach 2017}) 14... c5 15. d5 exd5 16. Nxd5 Nxd5 17. Bxd5 Bf6 18. Rb1 {[%cal Ba1b1,Bb1b2,Bb2e2,Be2e3][%mdl 32]} Bc3 19. Re3 Bd4 20. Rd3 Qf6 21. Rf3 Qe7 22. Bb2 Bxb2 23. Rxb2 Rce8 24. Re3 Qc7 25. Rbe2 $36 {[%mdl 2048] White is more active.} Rxe3 26. Rxe3 Bb7 27. Bxb7 Qxb7 $14 {[%mdl 4096] Endgame KQR-KQR} 28. Qd6 Qa6 29. a4 Qb7 30. h4 h5 31. Qe5 g6 32. Qf6 ({White should try} 32. Qe7 $14 Qa8 33. a5) 32... Qd7 $11 33. Qf3 Rd8 34. Kg2 Qg4 35. Qf6 Qd4 36. Re5 Rf8 37. Qe7 Rd8 38. a5 Kg7 39. Re4 Rd7 40. Qe8 Qd6 $1 41. a6 Qc7 {[#]} (41... Rd8 $11 42. Qe7 Qc6) 42. Kh2 (42. Re5 $1 $16) 42... Qd6 43. Kg1 Rc7 44. Qb8 Qc6 45. Re8 Qd7 (45... Rd7 $1 $11 {keeps the balance.} 46. Qe5+ f6 47. Re7+ Kf8 48. Re8+ Kf7) 46. Rg8+ Kh7 47. Rh8+ Kg7 48. Qf8+ Kf6 49. Rg8 Qd4 50. Qh6 ({White should play} 50. Qa8 $14) 50... Qe5 51. Rd8 {Strongly threatening Qh8+.} Re7 52. Rd3 Qe1+ {The position is equal.} 53. Kg2 Qe4+ $1 {[%mdl 64] [#] Double Attack} 54. Rf3+ Ke6 55. Qh8 f5 56. Qg8+ Kf6 57. Qf8+ Ke6 58. Qg8+ {Accuracy: White = 46%, Black = 58%.} 1/2-1/2

[Event "Almaty Open 2019"]
[Site "Almaty"]
[Date "2019.10.07"]
[Round "1.2"]
[White "Serikbay, Chingiz"]
[Black "Stupak, Kirill"]
[Result "1-0"]
[WhiteElo "2298"]
[BlackElo "2551"]
[Annotator "TA"]
[PlyCount "75"]
[EventDate "2019.10.07"]
[EventType "swiss"]
[EventCountry "KAZ"]
[SourceTitle "playchess.com"]
[Source "ChessBase"]
[SourceQuality "1"]

{[%evp 9,75,0,0,-15,8,0,10,-37,33,40,36,12,53,59,71,77,87,95,121,93,89,96,98,94,88,91,86,95,83,80,121,100,103,102,111,100,110,107,112,110,133,127,127,127,316,299,311,313,287,311,300,296,325,322,318,303,380,374,338,348,428,421,843,839,829,824,5728,3605]} 1. d4 g6 2. Nf3 Bg7 3. Bf4 d6 4. e3 Nd7 5. Be2 (5. h3 e5 6. Bh2 Ne7 7. Be2 O-O 8. O-O b6 9. c4 Bb7 10. Nc3 h6 11. Rc1 g5 12. b4 Ng6 13. dxe5 dxe5 14. Qc2 a5 {½-½ (56) Grachev,B (2654)-Fedoseev,V (2731) Sochi 2017}) 5... e5 6. Bg3 {A41: 1 d4 d6: Tartakower System and Modern Defence} Qe7 7. O-O Ngf6 8. c4 {The position is equal.} O-O (8... Ne4 $1 $15) 9. Nc3 $14 h6 $146 ({Predecessor:} 9... b6 10. Nb5 c6 11. dxe5 dxe5 12. Qd6 Qxd6 13. Nxd6 {1-0 (31) Memeti,K (2194)-Vidaich,S (1893) Belgium 2013}) 10. Rc1 c6 11. h3 Ne8 12. b4 Nc7 13. c5 Ne8 14. b5 dxc5 15. bxc6 bxc6 16. dxe5 Nxe5 17. Bxe5 Bxe5 18. Nxe5 Qxe5 19. Na4 Qd5 20. Rxc5 Qxd1 21. Rxd1 Be6 22. Rxc6 Bxa2 23. Nc5 {Threatens to win with Nd7.} Ng7 24. Ra6 $36 {[%mdl 2048] White is on the roll.} Be6 25. Nxe6 Nxe6 26. Bc4 Nc5 $2 {[#]} (26... Rae8 $16 27. Rdd6 (27. Rxa7 Rd8 $16) 27... Kg7 28. Rxa7 Kf6) 27. Rxg6+ $18 Kh7 28. Rc6 Rfc8 29. Rxc8 Rxc8 30. Bxf7 {[%mdl 4096] Endgame KRB-KRN} a5 31. Rc1 Kg7 32. Bd5 Kf6 33. f4 Ke7 34. e4 Kd6 35. Ba2 {White is clearly winning.} Rb8 (35... Rf8 $142 36. e5+ Kc6) 36. e5+ Kc6 37. f5 Rb2 38. f6 {Accuracy: White = 77%, Black = 34%.} 1-0

[Event "Almaty Open 2019"]
[Site "Almaty"]
[Date "2019.10.07"]
[Round "1.3"]
[White "Fier, Alexandr"]
[Black "Sisabayev, Kuanysh"]
[Result "1-0"]
[WhiteElo "2541"]
[BlackElo "2289"]
[Annotator "TA"]
[PlyCount "93"]
[EventDate "2019.10.07"]
[EventType "swiss"]
[EventCountry "KAZ"]
[SourceTitle "playchess.com"]
[Source "ChessBase"]
[SourceQuality "1"]

{[%evp 23,93,51,61,60,82,76,79,60,111,108,152,111,113,103,115,114,106,0,92,83,85,85,85,85,152,152,189,185,187,193,212,188,178,178,178,177,201,149,196,175,187,184,184,189,216,199,224,174,177,178,274,267,271,267,394,376,363,339,457,255,469,407,633,457,2972,2900,2100,2058,1452,1056,29971,29965]} 1. c4 Nf6 2. Nc3 e6 3. Nf3 d5 4. d4 c6 5. Bg5 Be7 6. e3 O-O 7. Qc2 Nbd7 8. cxd5 exd5 9. Bd3 Re8 10. O-O Nf8 11. h3 Nh5 12. Bxe7 Rxe7 13. b4 {D36: Queen's Gambit Declined: Exchange Variation: Main line (5 Bg5 c6 6 Qc2)} Qd6 14. b5 Bd7 15. bxc6 {[#] White is better.} bxc6 $146 (15... Bxc6 $14 16. Ne5 Nf6) ({Predecessor:} 15... Bxc6 16. Rfc1 Nf6 17. Ne5 Ne6 18. a4 Rc7 19. Qb2 g6 20. Be2 Be8 {½-½ (48) Anton Guijarro,D (2678)-Henriquez Villagra,C (2562) Linares 2019}) 16. Na4 Ng6 17. Bxg6 hxg6 18. Ne5 Be8 19. Qc5 Qe6 20. Qc2 ({White should play} 20. Qb4 $16) 20... Nf6 (20... Qd6 $1 $11 {remains equal.}) 21. Rfc1 $36 {[%mdl 2048] Keeping Black busy.} Ne4 22. Nc5 ({Not} 22. Nxc6 $2 Rc7 $19) 22... Nxc5 23. Qxc5 f6 (23... Rb7 $142) 24. Nxc6 $16 Rc7 {[%cal Rc7c6]} 25. Nd8 $1 {[%cal Rd8e6][%mdl 64] [#] Discovered Attack} Rxc5 26. Nxe6 Ra5 27. Nc7 Rc8 28. Nxe8 Rxe8 $18 {[%mdl 4096] Endgame KRR-KRR} 29. Rc7 Rb8 30. Rc2 Rb4 31. h4 Rc4 32. Rb2 Kh7 33. Rb8 g5 34. hxg5 f5 35. Kh2 Kg6 36. Rb7 Rc2 (36... Ra3 $142 37. Rd7 Kxg5 38. Rxg7+ Kf6) 37. Kg3 Ra3 38. Rb3 Raxa2 (38... Ra4 {was necessary.} 39. f4 Rd2) 39. Rxa2 Rxa2 {KR-KR} 40. f4 Ra5 41. Rb7 (41. Kf3 $142) 41... a6 $2 (41... Ra1 42. Rd7 a5 43. Rxd5 a4) 42. Rd7 Kh7 (42... Ra1 $142 43. Rxd5 Re1) 43. Kh4 Ra3 (43... Ra1 $142 44. Rxd5 g6 45. Rd7+ Kg8) 44. Kh5 {White wants to mate with g6+.} Kg8 {[#]} 45. Kg6 $1 {[%cal Rd7d8]} Kf8 46. Rxd5 Rxe3 47. Rxf5+ {Accuracy: White = 74%, Black = 34%.} 1-0

[Event "Almaty Open 2019"]
[Site "Almaty"]
[Date "2019.10.07"]
[Round "1.4"]
[White "Moisseyenko, Ilya"]
[Black "Harutyunian, Tigran K."]
[Result "1-0"]
[WhiteElo "2264"]
[BlackElo "2535"]
[Annotator "TA"]
[PlyCount "41"]
[EventDate "2019.10.07"]
[EventType "swiss"]
[EventCountry "KAZ"]
[SourceTitle "playchess.com"]
[Source "ChessBase"]
[SourceQuality "1"]

{[%evp 15,125,39,27,32,43,46,51,18,23,9,18,20,22,12,64,67,75,70,71,83,77,70,195,203,191,16,16,16,17,17,17,14,21,16,44,36,56,56,61,44,41,13,99,99,118,109,91,87,68,61,147,147,189,189,188,177,165,164,244,252,237,184,203,183,240,159,257,239,246,222,255,256,258,266,264,253,254,250,478,468,425,405,528,524,520,515,554,534,702,676,888,810,1356,1262,1383,1565,1609,1267,1468,1486,1705,1852,1778,1697,2046,1854,5110,4958,5704,4136,29982,29983]} 1. d4 Nf6 2. Nf3 ({Predecessor:} 2. c4 g6 3. Nc3 d5 4. cxd5 Nxd5 5. Bd2 Nb6 6. Bg5 Bg7 7. e3 h6 8. Bh4 O-O 9. Rc1 c5 10. dxc5 N6d7 {1-0 (86) Zakhartsov,V (2580)-Mihajlovskij,S (2476) Voronezh 2008}) 2... g6 3. c4 Bg7 4. Nc3 d5 5. cxd5 Nxd5 6. Bd2 Nb6 7. Rc1 O-O 8. Bg5 h6 9. Bh4 {D90: Grünfeld: 4 Nf3 Bg7 sidelines} c5 $146 (9... g5 10. Bg3 c5 11. d5 e6 12. d6 Nd5 13. h4 g4 14. Ne5 Qxd6 15. e4 f5 16. exf5 Bxe5 {1-0 (33) Morozevich,A (2747)-Shirov,A (2720) Pamplona 2006}) 10. dxc5 {[#] Qxd8 is the strong threat.} N6d7 11. e3 {White is slightly better.} Nc6 12. Bb5 Nxc5 13. O-O g5 14. Bg3 Bf5 (14... Qb6 $11) 15. Qd5 $14 Qxd5 16. Nxd5 e6 17. Bxc6 exd5 18. Bxd5 Rad8 (18... Rac8 $14) 19. Rxc5 $18 b6 20. Rc4 $2 (20. Rb5 $18 Bd3 21. Bc6) 20... Rxd5 $11 21. Ra4 {Played: e3-e4} 1-0

[Event "Almaty Open 2019"]
[Site "Almaty"]
[Date "2019.10.07"]
[Round "1.5"]
[White "Utegaliyev, Azamat"]
[Black "Dauletova, Gulmira"]
[Result "1-0"]
[WhiteElo "2503"]
[BlackElo "2259"]
[Annotator "TA"]
[PlyCount "106"]
[EventDate "2019.10.07"]
[EventType "swiss"]
[EventCountry "KAZ"]
[SourceTitle "playchess.com"]
[Source "ChessBase"]
[SourceQuality "1"]

{[%evp 9,106,-18,-18,-29,0,0,0,0,-10,-17,-9,-41,-36,-30,0,-15,11,3,5,8,20,-4,0,0,0,0,0,0,0,0,7,7,10,7,17,14,10,16,15,7,7,9,7,7,22,7,7,7,32,24,65,57,95,23,101,80,142,22,41,51,45,11,397,394,384,100,230,213,217,199,235,246,674,668,667,667,662,654,820,600,788,770,710,622,754,750,29953,10128,29971,29967,29949,5610,29977,29976,29984,29984,29987,29987,29994]} 1. Nf3 d5 2. b4 Bg4 3. Bb2 Nd7 4. a3 (4. e3 e5 5. h3 Bxf3 6. Qxf3 Ngf6 7. a3 Bd6 8. Nc3 c6 9. e4 d4 10. Ne2 Nb6 11. Ng3 {1-0 (40) Maris,I (2399)-Reinderman,D (2583) Dieren 2019}) 4... Ngf6 5. e3 a5 6. b5 {A00: Irregular Openings} e6 (6... e5 $5) 7. c4 c5 8. bxc6 $146 {The position is equal.} ({Predecessor:} 8. Be2 Bd6 9. d4 cxd4 10. Nxd4 Bxe2 11. Qxe2 {1-0 (29) Sobh,H (1827)-Gorti,A (2261) Philadelphia 2017}) 8... bxc6 9. cxd5 cxd5 10. Bb5 Bd6 11. Bxf6 gxf6 (11... Qxf6 {seems wilder.} 12. Nc3 Qe7 13. h3 Bxf3 14. Qxf3 O-O) 12. Nc3 Ke7 13. Be2 Bxf3 14. Bxf3 Rb8 15. a4 Rb2 16. Rb1 Qb8 17. Nb5 Rxb1 18. Qxb1 Bb4 19. Qd1 Nc5 20. O-O Rc8 21. g3 Qb7 22. d4 Nd7 23. Be2 f5 24. Bd3 Nf6 25. Qf3 Qb8 26. Kg2 Rc6 27. Rb1 Rc8 28. Qd1 Nd7 29. Na3 Qd6 30. Nc2 $1 Rc3 31. Bb5 (31. Rb2 $16) 31... Nb6 (31... Nf6 $11 {remains equal.}) 32. Ne1 Nc4 (32... Kf8 $142) 33. Nd3 (33. Qh5 $16) 33... Na3 34. Rb2 {Ne5 is the strong threat.} Nc4 $1 {[#] Threatens to win with ...Rxd3.} 35. Rc2 Qb6 $2 {[%mdl 8192]} (35... Rxc2 $1 $11 36. Qxc2 Qc7) 36. Rxc3 $18 Bxc3 37. Qb3 $2 (37. Qh5 $18) 37... Bxd4 (37... Qc7 $16) 38. exd4 Qxd4 39. Nf4 Qe4+ 40. Kh3 e5 $2 {[#]} (40... h6 41. f3 Qd4) 41. Nxd5+ $1 {[%mdl 512]} Qxd5 42. Qxc4 Qd6 43. Qc6 Qd4 44. Kg2 f4 45. Qc7+ Kf8 46. Qxa5 Qd5+ 47. Kg1 f3 48. Qb4+ Kg7 49. Bf1 e4 50. a5 {[%cal Ba4a5,Ba5a6,Ba6a7][%mdl 32]} Qe5 51. Qb6 {White mates.} f5 52. a6 f4 53. a7 e3 {Accuracy: White = 61%, Black = 27%.} 1-0

[Event "Almaty Open 2019"]
[Site "Almaty"]
[Date "2019.10.07"]
[Round "1.6"]
[White "Bekturov, Tamerlan"]
[Black "Makhnev, Denis"]
[Result "1/2-1/2"]
[WhiteElo "2226"]
[BlackElo "2478"]
[Annotator "TA"]
[PlyCount "71"]
[EventDate "2019.10.07"]
[EventType "swiss"]
[EventCountry "KAZ"]
[SourceTitle "playchess.com"]
[Source "ChessBase"]
[SourceQuality "1"]

{[%evp 19,71,5,8,-19,13,-2,-7,-19,-12,-9,0,0,4,-6,-4,-25,-19,-27,-20,-19,-20,-20,21,21,18,6,27,33,47,0,0,-17,-21,-26,135,150,76,29,39,19,8,11,42,31,49,0,0,0,0,3,6,0,0,0]} 1. d4 Nf6 2. c4 e6 3. g3 d5 4. Nf3 Bb4+ 5. Bd2 Be7 6. Bg2 c6 7. Qc2 b6 8. Bf4 O-O 9. O-O Ba6 10. Nbd2 Nbd7 11. Rfc1 {E11: Bogo-Indian} (11. Rfe1 Nh5 12. Ne5 Nxe5 13. Bxe5 f6 14. Bf4 Nxf4 15. gxf4 Bb4 16. Red1 Qd6 17. Nf1 dxc4 18. a3 Ba5 {0-1 (35) Wang,H (2724)-Aronian,L (2783) Shanghai 2010}) 11... Nh5 12. Be3 Bb7 13. Ne1 {[#]} Nhf6 $146 ({Predecessor:} 13... f5 14. Nd3 Bd6 15. cxd5 exd5 16. f4 Qe8 17. Ne5 Nxe5 18. dxe5 Be7 {0-1 (63) Zarkua,D (2397)-Nyback,T (2656) Aix les Bains 2011}) 14. Bf4 Nh5 15. Be3 Rc8 16. Nd3 Nhf6 17. Bf4 c5 18. dxc5 Nxc5 19. Nxc5 Bxc5 20. Nb3 Ba6 21. Nxc5 Rxc5 22. Qa4 Ra5 23. Qd1 {b4 is the strong threat.} Bxc4 24. b3 Ba6 25. b4 Ra3 26. Qd2 Bc4 $2 {[#]} (26... Bb5 $11) 27. Qb2 $16 Ra6 (27... Ra4 $142) 28. a4 {[%cal Ba2a4,Ba4b5][%mdl 32]} (28. Rxc4 $5 dxc4 29. Bb7 $11) 28... b5 29. axb5 $1 Rxa1 30. Rxa1 Qd7 31. Be5 Rc8 32. Bxf6 gxf6 {The position is equal.} 33. Qxf6 {With the idea Qg5+.} Bxe2 34. Qg5+ Kf8 35. Qh6+ Kg8 $1 36. Qg5+ {Accuracy: White = 49%, Black = 37%.} 1/2-1/2

[Event "Almaty Open 2019"]
[Site "Almaty"]
[Date "2019.10.07"]
[Round "1.7"]
[White "Hamitevici, Vladimir"]
[Black "Zhukenov, Aituar"]
[Result "1-0"]
[WhiteElo "2472"]
[BlackElo "2196"]
[Annotator "TA"]
[PlyCount "63"]
[EventDate "2019.10.07"]
[EventType "swiss"]
[EventCountry "KAZ"]
[SourceTitle "playchess.com"]
[Source "ChessBase"]
[SourceQuality "1"]

{[%evp 18,63,28,30,57,60,49,42,36,42,54,27,46,0,0,0,93,94,151,82,135,135,170,156,213,210,218,165,245,239,266,230,340,269,243,264,693,687,852,841,937,954,941,966,966,923,917,897]} 1. d4 Nf6 2. c4 c5 3. d5 e6 4. Nc3 exd5 5. cxd5 d6 6. Nf3 g6 7. Bf4 a6 8. a4 Bg7 9. h3 O-O 10. e3 Qe7 {A61: Modern Benoni: Nf3 without early e4} 11. Nd2 Nbd7 12. Be2 Ne8 {White is slightly better.} 13. O-O Ne5 14. Re1 f5 15. Bh2 Rb8 {[#]} 16. Qb3 $146 ({Predecessor:} 16. a5 g5 17. f4 Ng6 18. Nc4 {1-0 (48) Riazantsev,A (2645)-Shukh,N (2467) Skolkovo 2019}) 16... g5 {[#]} (16... b5 $11) 17. Bxa6 $1 $16 {[%mdl 512]} f4 (17... g4 $142) (17... bxa6 18. Qxb8) 18. f3 (18. exf4 $142 gxf4 19. Bf1) 18... Qf7 (18... Nf6 $142) 19. Kh1 Qg6 20. a5 Nc7 (20... g4 $16) 21. Bf1 $18 Bf5 22. Nde4 Bxh3 (22... Bxe4 $142 23. Nxe4 Na6 24. exf4 gxf4 25. Bxf4 Rxf4) 23. exf4 (23. gxh3 Nxf3 24. Re2 Nxh2) 23... gxf4 24. Qb6 Bg4 (24... Ne8 $142 25. a6 Bd7) 25. Qxd6 (25. Qxc7 Nxf3 26. Qxd6 Nxe1 $18) (25. fxg4 Nxg4 26. Be2 (26. Qxd6 Qh5 27. Qxf4 Rxf4 28. Nf6+ Bxf6 29. Re8+ Nxe8 30. g3 Qxh2#) 26... Nxh2 $14) 25... Qh5 {...Nxf3! is the strong threat.} 26. Nd2 ({Don't do} 26. Qxc7 $6 Nxf3 27. gxf3 Bxf3+ 28. Bg2 Bxg2+ 29. Kxg2 Be5) 26... Rf5 $2 (26... Na6 27. Qxe5 (27. fxg4 Nxg4 28. Nf3 Bd4 $16) 27... Bxe5 28. fxg4 Qxg4) 27. Qxc7 {White is clearly winning.} Rbf8 28. Qxc5 Qh6 29. Rxe5 Bxe5 30. fxg4 f3 31. g3 (31. Nxf3 {gets mated.} Rxf3 32. Qg1 {[#]} Rxf1 $1 {[%mdl 512]} 33. Rxf1 Rxf1 34. g3 Qf6 35. Kg2 Qf3+ {[%mdl 64] Double Attack} 36. Kh3 Rxg1 37. Ne4 Rh1 $1 {[%mdl 512]} 38. b4 Qxe4 {[%mdl 64] Double Attack} 39. a6 Qf3 $1 {[%mdl 512]} 40. Kh4 Rxh2+ 41. Kg5 Qf6#) 31... Bxg3 32. Qg1 {Accuracy: White = 58%, Black = 18%.} 1-0

[Event "Almaty Open 2019"]
[Site "Almaty"]
[Date "2019.10.07"]
[Round "1.8"]
[White "Kenzhalin, Nursultan"]
[Black "Kostenko, Petr"]
[Result "0-1"]
[WhiteElo "2185"]
[BlackElo "2462"]
[Annotator "TA"]
[PlyCount "94"]
[EventDate "2019.10.07"]
[EventType "swiss"]
[EventCountry "KAZ"]
[SourceTitle "playchess.com"]
[Source "ChessBase"]
[SourceQuality "1"]

{[%evp 13,120,20,21,20,21,21,46,53,47,45,74,72,74,70,87,78,90,54,65,68,74,52,61,45,58,57,55,56,65,28,49,50,60,42,57,26,51,29,57,20,57,56,64,62,52,0,47,46,50,52,69,69,63,29,61,53,49,48,64,0,0,0,0,-36,-5,-28,-20,-39,-20,-29,-23,-45,-20,-59,-61,-88,-33,-78,-53,-77,-38,-48,0,0,0,0,0,0,0,0,0,0,0,0,8,0,0,-400,-400,-29970,-29968,-29969,-5122,-29985,-29986,-29986,-29987,-29987,-466]} 1. d4 e6 2. c4 b6 3. Nf3 Bb7 4. g3 Bb4+ 5. Bd2 Bxf3 6. exf3 Bxd2+ 7. Qxd2 d5 8. Nc3 {A40: Unusual replies to 1 d4} Ne7 (8... Nf6 9. g4 c6 10. g5 Ng8 11. O-O-O Ne7 12. h4 h5 13. Kb1 g6 14. cxd5 cxd5 15. Bb5+ Kf8 {1-0 (46) Moiseenko,A (2692)-Antipov,M (2569) Berlin 2015}) 9. cxd5 exd5 10. Bd3 {White is slightly better.} O-O 11. O-O Nbc6 12. Ne2 $146 ({Predecessor:} 12. Rfe1 Nb4 13. Bb1 c5 14. Ne2 a5 15. h4 Qd6 {½-½ (24) Hoffmann,S (2067)-Hess,C (2295) Leipzig 2008}) 12... Qd6 13. Rac1 Kh8 14. Bb1 Rac8 15. f4 Na5 16. b3 c6 17. Rfe1 Qd7 18. Kg2 Nb7 19. Ng1 {[%cal Be2g1,Bg1f3,Bf3h4][%mdl 32]} Nd6 20. Nf3 f6 21. Qd3 {[%csl Gb1][%cal Rd3h7]} Ng6 22. Kg1 Rfe8 23. Nh4 Nf8 24. Qf3 Kg8 25. f5 Nb5 26. Qd3 Na3 27. Ng2 Rxe1+ 28. Rxe1 Re8 29. Re3 ({White should try} 29. Ne3 $14) 29... Re7 30. Qd1 Nb5 31. Qd2 Nd6 32. Rxe7 Qxe7 33. Ne3 Kf7 34. Qc3 Qd7 35. Bd3 g6 {[%cal Rg6f5]} 36. fxg6+ (36. Qc2 $14) 36... hxg6 $11 37. f3 Ne6 38. Bf1 Ng5 39. Bg2 Nb5 $36 {[%mdl 2048] Black is more active.} 40. Qd2 Ne6 41. Nc2 Qe7 {White should prevent ...Nbxd4!} 42. Kf2 a5 43. f4 f5 44. Qd3 {White wants to play Bxd5!} Nd6 (44... Na3 $17 {And now ...Nxc2 would win.} 45. Nxa3 Qxa3) 45. h4 Qf6 46. Bf3 Kg7 47. Kg2 Ne4 {Played: Qf6xh4} 0-1

[Event "Almaty Open 2019"]
[Site "Almaty"]
[Date "2019.10.07"]
[Round "1.9"]
[White "Khusenkhojaev, Muhammad"]
[Black "Kembayev, Bakhytzhan"]
[Result "1-0"]
[WhiteElo "2434"]
[BlackElo "2119"]
[Annotator "TA"]
[PlyCount "127"]
[EventDate "2019.10.07"]
[EventType "swiss"]
[EventCountry "KAZ"]
[SourceTitle "playchess.com"]
[Source "ChessBase"]
[SourceQuality "1"]

{[%evp 21,127,41,50,54,65,54,47,42,74,82,86,71,106,106,102,102,100,6,16,0,0,-10,-10,-7,-5,-6,-5,-33,-40,-27,-26,-33,0,-34,0,-34,0,-37,-37,-37,-37,-37,-37,-37,-38,-31,-16,-31,-25,-23,-5,-31,-31,-86,0,-1,-8,-8,154,155,313,313,309,312,288,141,495,458,426,419,559,77,76,70,70,39,38,38,31,8,20,2,79,79,86,86,95,80,131,131,643,616,540,475,428,367,2607,2550,1771,1715,29979,29980,29980,29981,29981,29982,29986,29987]} 1. Nf3 Nf6 2. c4 e6 3. g3 Be7 4. Bg2 O-O 5. Nc3 d5 6. d4 c6 7. O-O b6 8. b3 Bb7 9. Qc2 Nbd7 10. Rd1 Rc8 11. e4 h6 12. e5 {E08: Closed Catalan: Main Line: 7 Qc2} Ne8 13. Be3 Nc7 {[#]} 14. Ne1 $146 {White is slightly better.} ({Predecessor:} 14. Qd2 Re8 15. cxd5 cxd5 16. a3 Ba6 17. Ne2 Bf8 18. Nf4 Nb5 19. Bf1 Nb8 {1-0 (39) Maletin,P (2543)-Bragin,A (2250) Tomsk 2006}) 14... c5 15. dxc5 Nxc5 16. Qe2 Qe8 17. cxd5 Nxd5 18. Nxd5 exd5 19. Qg4 (19. Bxd5 $16 Bxd5 20. Rxd5) 19... f5 $11 20. exf6 Bxf6 21. Rac1 Ne4 22. Bxe4 $1 Qxe4 23. Qxe4 dxe4 24. Rd7 Rxc1 25. Bxc1 Rf7 26. Rd6 Rf8 27. Rd7 Rf7 (27... Bc8 $5 {[%cal Rc8d7]} 28. Rxa7 Bh3 $15) 28. Rd6 Rf8 29. Ng2 Rc8 30. Be3 Rc2 31. Rd7 Rxa2 32. Rxb7 Ra1+ 33. Ne1 $1 Rxe1+ $15 {[%mdl 4096] Endgame KRB-KRB} 34. Kg2 Rb1 35. Rxa7 Rxb3 36. Ra6 b5 37. Bxh6 (37. Re6 $15) 37... Rb2 (37... b4 $17 38. Bf4 Rb1) 38. Be3 $11 b4 39. g4 {aiming for g5.} b3 $2 (39... Kf7 $11) 40. g5 $1 $16 {[%cal Rg5f6]} Bc3 $2 (40... Ra2 $16 {was called for.} 41. Rb6 Bc3 42. Rxb3 Bd2) 41. g6 $1 $18 {[%cal Ra6a8]} Kf8 {...Ke8 is the strong threat.} 42. Re6 $1 {Intending Bc5+ and mate.} Bb4 43. Rxe4 (43. Bg5 $1 $18 Be1 44. Rxe4 Rxf2+ 45. Kg1) 43... Bd6 $2 {[%mdl 8192]} (43... Be7 $16) 44. Re6 $1 {[%cal Re6d6]} Be7 45. Rb6 {Threatens to win with Rb8+.} Bf6 46. h4 $2 (46. Bc5+ $18 {is the precise move to win.} Ke8 47. Re6+ Kd8 48. Rxf6 $1 {[%mdl 576] Promotion}) 46... Bxh4 $16 47. Bd4 Rd2 48. Bc5+ (48. Rb8+ {seems wilder.} Ke7 49. Bxg7 Rxf2+ 50. Kh3 Bf6 51. Rb7+) 48... Ke8 49. Rxb3 Rd5 50. Rb8+ Kd7 51. Be3 {Black must now prevent Rb7+.} Bf6 (51... Ke6 $11 {remains equal.}) 52. Kf3 Rh5 53. Rb6 {Hoping for Rxf6!} Ke7 54. Ra6 Rh1 {[#]} (54... Re5 $142) 55. Ke4 $1 Rd1 $2 {[%mdl 8192]} (55... Rh5 $16 56. Ra7+ Kd6) 56. Bc5+ $18 Kd7 57. f4 Rd2 58. Bf8 Ke8 $2 (58... Rd4+ 59. Kf3 Ke8) 59. Ra8+ Kd7 60. Ra7+ Ke8 61. Bxg7 {White mates.} Bxg7 62. Rxg7 Kf8 63. Ra7 Kg8 64. f5 {Accuracy: White = 50%, Black = 30%.} 1-0